Longest Rivers in the Americas - Statistics

General Stats
  • This quiz has been taken 40 times
  • The average score is 7 of 15
Answer Stats
Length (miles) Answer % Correct
4,345 mi. Amazon
100%
2,320 mi. Mississippi
94%
2,341 mi Missouri
88%
3,032 mi. Paraná
71%
1,885 mi. Rio Grande
68%
1,980 mi. Yukon
68%
1,629 mi. Paraguay
50%
1,469 mi. Arkansas
41%
1,758 mi. São Francisco
38%
2,019 mi. Madeira
35%
1,640 mi. Tocantins
35%
1,750 mi. Japurá
15%
1,600 mi. Nelson
15%
1,632 mi. Araguaia
9%
1,500 mi. Juruá
9%
No matching quizzes found
Score Distribution
Percent of People with Each Score
Percentile by Number Answered
Your Score History
You have not taken this quiz